| 000 | 00405nam a22001697a 4500 | ||
|---|---|---|---|
| 005 | 20180323170838.0 | ||
| 008 | 160523b xxu||||| |||| 00| 0 eng d | ||
| 020 | _a81-7446-225-5 | ||
| 041 | _aeng | ||
| 082 |
_b4200 _a338.5 |
||
| 100 |
_aAdhikary, Manab _91044 |
||
| 245 | _aBusiness Economics | ||
| 260 |
_aNew Delhi _bAcademic Faundation |
||
| 300 | _a601 | ||
| 650 |
_aManagement _9241 |
||
| 942 | _cBK | ||
| 999 |
_c1423 _d1423 |
||